Kanta-Hämeen kuntien vaakunat 2025 (keltainen laatikko) - Statistics

Yleistilastot
  • Tätä visaa on pelattu 141 kertaa
    136 viimeisimmän päivityksen jälkeen
  • Keskiarvotulos 10 / 11
Vastaustilastot
Kuvavisa Vastaus % Oikein
Hämeenlinna
98%
Tammela
93%
Forssa
91%
Janakkala
88%
Loppi
88%
Hattula
86%
Riihimäki
86%
Humppila
84%
Jokioinen
82%
Ypäjä
81%
Hausjärvi
79%
Ehtoja vastaavia visoja ei löytynyt
Tulosjakauma
Jokaisen tuloksen saaneiden osuus
Persentiili vastausten määrän mukaan
Tuloshistoriasi
Et ole pelannut tätä visaa sen viimeisimmän päivityksen jälkeen